000 00801cam a2200253 4500
001 WB3645-09
008 000000n2000 000 0 eng u
035 _a(Sirsi) u109371
245 _aGood industrial market
260 _c2000
490 _aRICS Scotland News Release
_v10 November 2000 (5)
520 _aScottish surveyors report a good industrial market in the Central Belt, and especially on the M8 corridor, for speculative development of industrial property.
590 _aWB
650 _aRICS
650 _aSCOTLAND
650 _aINDUSTRIAL MARKET
650 _aSPECULATIVE DEVELOPMENT
650 _aM8 CORRIDOR
650 _aCENTRAL BELT
650 _aDEVELOPERS
650 _aINVESTORS
690 _aPROPERTY-COMMERCIAL PROPERTY-COMMERCIAL PROPERTY MARKET
942 _n0
999 _c65289
_d65289